| 000 | 00368nam a2200145Ia 4500 | ||
|---|---|---|---|
| 008 | 240624s9999 xx 000 0 und d | ||
| 041 | _aeng | ||
| 082 | _a158.7 AAM | ||
| 100 | _aAAMODT MICHAEL G | ||
| 245 | _aINDUSTRIAL PSYCHOLOGY | ||
| 250 | _a(7th ed.) | ||
| 260 |
_c2015 _aNew Delhi _bCengage Learning |
||
| 300 | _axvii, : 678 : p. : cm. ; 26 | ||
| 365 |
_cRS _b31 |
||
| 999 |
_c25149 _d25149 |
||